Регионална библиотека "Любен Каравелов" - Русе

Избрани стихотворения (Запис номер 491400)

MARC детайли
000 -Лидер
Контролно поле с фиксирана дължина 01370nam a2200265 a 4500
003 - Код на организацията, давaща контролен номер
Контролно поле BLK
005 - Дата и час на последна редакция
Контролно поле 20230530100033.0
008 - Елементи от данни с фиксирана дължина
fixed length control field 230511b bu |||||||||| 00| | bu d
020 ## - Международен стандартен номер на книга ISBN
Международен стандартен номер на книга ISBN 9786190301264
040 ## - Източник на каталожния запис
Идентификатор на билиотеката - собственик на записа BLK
041 ## - Код за език
Код за езика на текст/звукозапис или на отделно заглавие Български
Код за езика КДБФ Български
080 ## - УДК
Текстов определител УДК Новогръцка литература
УДК код - определител по УДК 821.146
УДК определител -1(081)
УДК - код + определител 821.146-1(081)
100 ## - Редна дума - Автор
R(LIN) 416416
Автор Кавафис, Константинос
Авторска отговорност първи автор
139 ## - Редно поле
Редна дума Кавафис, Константинос
245 ## - Сведения за заглавието
Заглавие Избрани стихотворения
Редно поле (дума) Константинос Кавафис ; състав., прев. от гр. Милко Стоименов
260 ## - Област на издателските данни
9 (RLIN) 209457
Място на издаване, разпространение и проч. София
Име на издателя, разпространителя и проч. Бард
Година на издаване 2022
Печатница ([Костинброд] : Мултипринт ООД)
Издателство - префикс ISBN 978-954-655- ; 978-954-585- ; 978-954-584-
300 ## - Физическа характеристика
Страници 208 с.
Размери/Мащаб 21 см
380 ## - Жанр
Жанр Худож. лит.
500 ## - Общи забележки
Забележка Ориг. загл. на гр. ез.: Poiimata<br/>Биогр. данни за авт. отбелязани на 2-ра кор.<br/>Константинос Кавафис - бродник или изповедник на своето време / Кирил Топалов: с. 5-23
700 ## - Други автори (авторска отговорност)
9 (RLIN) 456675
Лично име Стоименов, Милко Христов
Автороска отговорност (Описва отношението между автора и произведението) състав. и прев. от гр.
852 ## - Местоположение
Форматна сигнатура Цб 317843
Фондова буква Хранилище
856 ## - Електронен адрес и достъп
Инструкция (цена за достъп) 0.00
Права за достъп disable
999 ## - СИСТЕМНИ КОНТРОЛНИ НОМЕРА
Koha biblionumber 491400
Koha biblioitemnumber 491400
942 ## - АРТИКУЛИ
Вид на библиотечния материал Книги
Скрит в OPAC Не
Периодичен библиозапис Да
Koha issues (borrowed), all copies 1
944 ## - СЪЗДАВАНЕ И РЕДАКЦИЯ на ЗАПИСА
Създаване/Редакция Създаване
Дата на регистрацията/редакция 2023-05-11
Служител, извършил регистрацията/редакцията ВП
Наличности
Код за отписване Код за изгубен артикул Източник на класификационната схема Код за повреда Коз за рестрикции Код за отдаване Артикулен № Име на библиотеката - собственик Име на библиотеката, в която се намира в момента Статус (Текущо местоположение) Дата на вписване в системата Местоположение - отдел Цена в лева Инвентарен номер Систематично азбучна сигнатура Баркод Цена в евро Служебен тип на артикула
  Не е изгубен Universal Decimal Classification Не е повреден само за читалня ползва се в читалня 928451 Регионална библиотека "Любен Каравелов" Русе Регионална библиотека "Любен Каравелов" Русе Хранилище 2023-05-12 Хранилище 24.99 120000887650 Цб 317843 120000887650 12.78 Книги
  Не е изгубен Universal Decimal Classification Не е повреден без рестрикции заемане за дома 928965 Регионална библиотека "Любен Каравелов" Русе Регионална библиотека "Любен Каравелов" Русе Заемна - подръчен фонд 2023-05-23 Заемна - подръчен фонд 24.99 120000888164 821-1/К 12 К 120000888164 12.78 Книги
Vip Innovations Ltd, Rousse, Bulgaria 2025